Statistiken für Stadtteile von Hannover mit Karte

Klicken Sie hier um das Quiz zu spielen!

Allgemein

  • Dieses Quiz wurde 867 mal gespielt
  • Das Durchschnittsergebnis liegt bei 27 aus 51

Antworten auf der Karte

Die Antworten werden auf der Karte rot bzw. grün angezeigt, abhängig davon wie oft sie richtig erraten wurden.
 

Antwortstatistiken

Stadtteil% Korrekt
Linden-Mitte
88%
Linden-Nord
88%
Linden-Süd
88%
Mitte
88%
Südstadt
84%
Nordstadt
82%
List
76%
Limmer
70%
Oststadt
70%
Vahrenwald
67%
Zoo
67%
Misburg-Nord
66%
Misburg-Süd
66%
Herrenhausen
65%
Döhren
64%
Anderten
63%
Stöcken
63%
Ahlem
62%
Ricklingen
62%
Bothfeld
59%
Kirchrode
56%
Kleefeld
56%
Bemerode
55%
Wettbergen
54%
Bult
53%
Vahrenheide
53%
Badenstedt
50%
Calenberger Neustadt
50%
Wülfel
49%
Isernhagen-Süd
47%
Davenstedt
46%
Sahlkamp
45%
Burg
43%
Groß Buchholz
42%
Lahe
42%
Mühlenberg
41%
Vinnhorst
39%
Mittelfeld
38%
Waldheim
38%
Hainholz
37%
Ledeburg
37%
Waldhausen
37%
Marienwerder
36%
Nordhafen
36%
Leinhausen
35%
Oberricklingen
34%
Bornum
32%
Wülferode
32%
Seelhorst
31%
Heideviertel
29%
Brink-Hafen
26%

Verteilung der Resultate

Perzentil nach korrekt beantworteten Fragen

Anzahl Personen mit jedem Resultat

Ihre Resultats-Entwicklung

Sie haben dieses Quiz noch nicht gespielt